[Event "KONIK MORSKI REWALA 2013<br>Miedzynarodo"]
[Site "<font size="]
[Date "2013.08.22"]
[Round "3.3"]
[White "Sieciechowicz, Marcin"]
[Black "Ziaziulkina, Nastassia"]
[Result "1-0"]
[WhiteElo "2458"]
[BlackElo "2340"]
[PlyCount "183"]
[EventDate "2013.??.??"]

1. d4 d5 2. c4 c6 3. Nf3 Nf6 4. Nc3 e6 5. Bg5 h6 6. Bh4 dxc4 7. e4 g5 8. Bg3 b5
9. Be2 Bb7 10. h4 g4 11. Ne5 h5 12. O-O Nbd7 13. Qc2 Nxe5 14. Bxe5 Bg7 15. Rad1
Qe7 16. Bg3 Rd8 17. e5 Nd5 18. Ne4 Kf8 19. b3 cxb3 20. axb3 Bh6 21. Ra1 a6 22.
Nd6 Kg7 23. Bd3 Bf4 24. Be4 Rxd6 25. exd6 Qxd6 26. Bxd5 Bxg3 27. fxg3 Qxd5 28.
Qf2 f5 29. Qf4 c5 30. Rf2 Qxd4 31. Qc7+ Kg6 32. Rc1 Bd5 33. Rxc5 Bxb3 34. Rc6
Ra8 35. Rd6 Qa7 36. Qc6 Rf8 37. Rd7 Qe3 38. Qc7 Qh6 39. Re2 Bc4 40. Re1 Qh8 41.
Re7 Qd4+ 42. Kh1 f4 43. gxf4 Rxf4 44. Re8 Rf7 45. Qb8 Qf6 46. Rg8+ Rg7 47.
Rxg7+ Kxg7 48. Qg3 Bd5 49. Re5 Qf1+ 50. Kh2 Kg6 51. Rg5+ Kf6 52. Re5 Kg6 53.
Rg5+ Kh6 54. Rg8 Kh7 55. Rc8 Kg6 56. Rc2 Qd1 57. Rf2 Qb3 58. Qe5 g3+ 59. Qxg3+
Qxg3+ 60. Kxg3 b4 61. Kf4 b3 62. Rf1 Bc4 63. Rd1 a5 64. Ke3 a4 65. Kd4 Bd5 66.
Kc3 a3 67. Kb4 a2 68. Kc3 Kf5 69. Kb2 Kg4 70. Rh1 e5 71. Rd1 Be6 72. Re1 Kf4
73. Rf1+ Ke3 74. Re1+ Kd4 75. Rd1+ Kc5 76. Re1 Kd6 77. Rd1+ Bd5 78. g4 hxg4 79.
h5 Ke6 80. h6 Be4 81. Rg1 Kf6 82. Rxg4 Bg6 83. Rg1 Bc2 84. Rg7 Ke6 85. Rb7 Kd5
86. Rxb3 Bb1 87. Rb7 Kd4 88. h7 Bxh7 89. Rxh7 e4 90. Kxa2 Kd3 91. Kb2 e3 92.
Kc1 1-0

[Event "KONIK MORSKI REWALA 2013<br>Miedzynarodo"]
[Site "<font size="]
[Date "2013.08.22"]
[Round "3.4"]
[White "Smola, Michal"]
[Black "Strzemiecki, Zbigniew"]
[Result "1/2-1/2"]
[WhiteElo "2160"]
[BlackElo "2437"]
[PlyCount "57"]
[EventDate "2013.??.??"]

1. e4 e6 2. d3 c5 3. Nf3 Nc6 4. g3 g6 5. Bg2 Bg7 6. O-O Nge7 7. Re1 d6 8. Nbd2
O-O 9. Nf1 h6 10. c3 e5 11. h4 Be6 12. b3 d5 13. exd5 Nxd5 14. Bb2 Nde7 15. Ne3
Qd7 16. Qe2 Rad8 17. Rad1 Rfe8 18. Nc4 Nd5 19. Ncxe5 Nxe5 20. Nxe5 Bxe5 21.
Qxe5 Bg4 22. Qxd5 Bxd1 23. Rxe8+ Qxe8 24. Qxc5 b6 25. Qc7 Rxd3 26. c4 Rd2 27.
Bc3 Rd3 28. Bb2 Rd2 29. Bc3 1/2-1/2

[Event "KONIK MORSKI REWALA 2013<br>Miedzynarodo"]
[Site "<font size="]
[Date "2013.08.22"]
[Round "3.5"]
[White "Voloshin, Leonid"]
[Black "Lach, Aleksandra"]
[Result "1/2-1/2"]
[WhiteElo "2420"]
[BlackElo "2161"]
[PlyCount "105"]
[EventDate "2013.??.??"]

1. e4 c5 2. Nf3 d6 3. c3 Nf6 4. Bd3 Nc6 5. Bc2 Bg4 6. h3 Bh5 7. Qe2 e6 8. d3 h6
9. Nbd2 Be7 10. Nf1 Qc7 11. Ng3 Bg6 12. O-O d5 13. Nh2 h5 14. f4 h4 15. Nh1 c4
16. e5 cxd3 17. Bxd3 Bxd3 18. Qxd3 Bc5+ 19. Be3 Qb6 20. Rae1 Nh5 21. Bxc5 Qxc5+
22. Qe3 Qxe3+ 23. Rxe3 Ne7 24. Rd3 Rc8 25. Rd4 Nf5 26. Rb4 b6 27. Kf2 d4 28.
cxd4 Nxf4 29. Ra4 a5 30. Kf3 Nd3 31. Ra3 Nxb2 32. Ke4 Rc4 33. Nf3 O-O 34. Rb1
Na4 35. Kd3 Rfc8 36. Rbb3 b5 37. Rxb5 Rc3+ 38. Rxc3 Rxc3+ 39. Kd2 Ra3 40. Rxa5
Rxa2+ 41. Ke1 Ne3 42. Ng5 Nxg2+ 43. Kf1 Ne3+ 44. Ke1 Nc3 45. Rxa2 Nxa2 46. Ke2
Nf5 47. Kd3 Nb4+ 48. Ke4 g6 49. Nf2 Kf8 50. Ng4 Ng3+ 51. Ke3 Nd5+ 52. Kf3 Nf5
53. Ke4 1/2-1/2

[Event "KONIK MORSKI REWALA 2013<br>Miedzynarodo"]
[Site "<font size="]
[Date "2013.08.22"]
[Round "3.6"]
[White "Skawinski, Arkadiusz"]
[Black "Kaczmarek, Aleksander"]
[Result "1/2-1/2"]
[WhiteElo "2284"]
[BlackElo "2147"]
[PlyCount "51"]
[EventDate "2013.??.??"]

1. e4 c6 2. d4 d5 3. exd5 cxd5 4. c4 Nf6 5. Nc3 g6 6. Qb3 Bg7 7. cxd5 O-O 8.
Be2 Nbd7 9. Bf3 Nb6 10. Bg5 e6 11. Nge2 exd5 12. O-O Be6 13. Nf4 h6 14. Bh4 Bf5
15. Nfxd5 Nbxd5 16. Nxd5 g5 17. Bg3 Ne4 18. Ne3 Nd2 19. Qxb7 Nxf1 20. Rxf1 Bd3
21. Rd1 Qxd4 22. Nf5 Qc4 23. Bd5 Qg4 24. Ne3 Qe2 25. Qb3 Bg6 26. Bxa8 1/2-1/2

[Event "KONIK MORSKI REWALA 2013<br>Miedzynarodo"]
[Site "<font size="]
[Date "2013.08.22"]
[Round "3.7"]
[White "Musialkiewicz, Jan"]
[Black "Reza, Wojciech"]
[Result "1-0"]
[WhiteElo "2266"]
[BlackElo "2135"]
[PlyCount "67"]
[EventDate "2013.??.??"]

1. e4 c5 2. Nf3 d6 3. d4 cxd4 4. Nxd4 Nf6 5. Nc3 e6 6. g4 a6 7. h3 b5 8. Bg2
Bb7 9. O-O b4 10. Nd5 exd5 11. exd5 Bxd5 12. Re1+ Kd7 13. Bxd5 Nxd5 14. Qf3 Qa5
15. Qxf7+ Ne7 16. Nf5 Nbc6 17. Qe6+ Kc7 18. Qxd6+ Kb7 19. Nxe7 Bxe7 20. Rxe7+
Nxe7 21. Qxe7+ Kc6 22. Bf4 Qd8 23. Qxb4 Re8 24. Qc3+ Kb7 25. Qf3+ Ka7 26. Rd1
Qc8 27. Qb3 Qb7 28. Be3+ Kb8 29. Qa4 Qb5 30. Qf4+ Kc8 31. Rd3 Re7 32. a4 Qe5
33. Qc4+ Rc7 34. Qg8+ 1-0

[Event "KONIK MORSKI REWALA 2013<br>Miedzynarodo"]
[Site "<font size="]
[Date "2013.08.22"]
[Round "3.8"]
[White "Gosciniak, Maria"]
[Black "Polok, Kacper"]
[Result "1/2-1/2"]
[WhiteElo "2098"]
[BlackElo "2213"]
[PlyCount "20"]
[EventDate "2013.??.??"]

1. e4 g6 2. d4 Bg7 3. Nc3 c6 4. f4 d5 5. e5 Nh6 6. Be2 O-O 7. Be3 f6 8. Qd2 Nf5
9. Bf2 e6 10. g4 Ne7 1/2-1/2

[Event "KONIK MORSKI REWALA 2013<br>Miedzynarodo"]
[Site "<font size="]
[Date "2013.08.22"]
[Round "3.9"]
[White "Rudolf, Michal"]
[Black "Wisniewski, Michal"]
[Result "1-0"]
[WhiteElo "2367"]
[BlackElo "1876"]
[PlyCount "93"]
[EventDate "2013.??.??"]

1. d4 Nf6 2. Nf3 d5 3. c4 e6 4. Nc3 c5 5. cxd5 Nxd5 6. e4 Nxc3 7. bxc3 cxd4 8.
cxd4 Bb4+ 9. Bd2 Bxd2+ 10. Qxd2 O-O 11. Bc4 Nd7 12. O-O b6 13. Qf4 Bb7 14. e5
Rc8 15. Bb3 b5 16. Ng5 Qe7 17. h4 Rfd8 18. Rad1 Nb6 19. Rd3 Nd5 20. Qg4 Rc3 21.
Bxd5 Rxd3 22. Qe4 g6 23. Bxb7 R8xd4 24. Qc6 Qd7 25. Qxd7 Rxd7 26. Bc6 Rc7 27.
Bxb5 Rd5 28. Ba4 Rxe5 29. Rd1 Kg7 30. Bb3 h6 31. Nf3 Rec5 32. Rd4 e5 33. Rd8 a5
34. Re8 Kf6 35. Nd2 Rc1+ 36. Kh2 Ra7 37. Ne4+ Kf5 38. Nd6+ Kf6 39. g4 a4 40.
Ne4+ Kg7 41. g5 hxg5 42. hxg5 Rac7 43. Bxa4 R1c4 44. Nf6 Rc8 45. Bb3 R4c5 46.
Re7 R5c7 47. Rxc7 1-0

[Event "KONIK MORSKI REWALA 2013<br>Miedzynarodo"]
[Site "<font size="]
[Date "2013.08.22"]
[Round "3.10"]
[White "Smolka, Marcin"]
[Black "Licznerski, Lukasz"]
[Result "0-1"]
[WhiteElo "2040"]
[BlackElo "2332"]
[PlyCount "64"]
[EventDate "2013.??.??"]

1. e4 c6 2. d4 d5 3. Nc3 dxe4 4. Nxe4 Nd7 5. Bd3 Ngf6 6. Ng5 e6 7. N1f3 Bd6 8.
Qe2 h6 9. Ne4 Nxe4 10. Qxe4 Nf6 11. Qe2 b6 12. Bd2 Bb7 13. O-O-O Qc7 14. Ne5
O-O-O 15. f4 Kb8 16. Kb1 h5 17. Rhf1 Ka8 18. Ba6 c5 19. Bxb7+ Qxb7 20. Qf3 Qxf3
21. Rxf3 Bxe5 22. fxe5 Ne4 23. Be1 f5 24. exf6 gxf6 25. Rfd3 c4 26. Re3 f5 27.
Bg3 Rhg8 28. c3 Kb7 29. Kc2 h4 30. Bxh4 Rxg2+ 31. Kc1 Rd5 32. Bg3 Rb5 0-1

[Event "KONIK MORSKI REWALA 2013<br>Miedzynarodo"]
[Site "<font size="]
[Date "2013.08.22"]
[Round "3.11"]
[White "Kucza, Karol"]
[Black "Musialkiewicz, Pawel"]
[Result "1/2-1/2"]
[WhiteElo "1989"]
[BlackElo "2191"]
[PlyCount "70"]
[EventDate "2013.??.??"]

1. e4 e6 2. d4 d5 3. Nc3 Nf6 4. e5 Nfd7 5. f4 c5 6. Nf3 Nc6 7. Be3 Be7 8. Qd2
O-O 9. Be2 a6 10. O-O b5 11. a3 Qb6 12. Kh1 cxd4 13. Nxd4 Bc5 14. Rad1 Bb7 15.
Bf3 Nxd4 16. Bxd4 Bxd4 17. Qxd4 Qxd4 18. Rxd4 Rac8 19. Kg1 Rc6 20. Rfd1 Nb6 21.
Be2 Rfc8 22. Bd3 Rf8 23. a4 Nc4 24. axb5 axb5 25. Rb1 b4 26. Nb5 Rc5 27. Bxc4
dxc4 28. Nd6 Bd5 29. Ra1 Rb8 30. Ra7 c3 31. b3 h5 32. Rd1 Rf8 33. Ra4 Rb8 34.
Ra7 Rf8 35. Ra4 Rb8 1/2-1/2

[Event "KONIK MORSKI REWALA 2013<br>Miedzynarodo"]
[Site "<font size="]
[Date "2013.08.22"]
[Round "3.12"]
[White "Jacek, Krystian"]
[Black "Wozniak, Mariola"]
[Result "1/2-1/2"]
[WhiteElo "2166"]
[BlackElo "2028"]
[PlyCount "73"]
[EventDate "2013.??.??"]

1. e4 c5 2. Nf3 d6 3. d4 cxd4 4. Nxd4 Nf6 5. Nc3 a6 6. Be2 e6 7. O-O Be7 8. Be3
O-O 9. f4 Nc6 10. a4 Bd7 11. Qe1 Qc7 12. Qg3 Rfe8 13. Kh1 Rac8 14. a5 Nb4 15.
e5 Nfd5 16. Bd2 dxe5 17. fxe5 f5 18. Bh5 Red8 19. Bh6 Bf8 20. Ne4 Nc6 21. Nxc6
Bxc6 22. Ng5 f4 23. Qh3 Qxe5 24. Bf7+ Kh8 25. Bxe6 Rc7 26. Nf3 Qd6 27. Bg5 Re8
28. Bxd5 Bxd5 29. Rad1 Qc5 30. Bxf4 Rcc8 31. c3 Bb3 32. Ra1 Rcd8 33. Nd4 Bc4
34. b4 Qd5 35. Rfe1 Bxb4 36. cxb4 Qxd4 37. Bc7 1/2-1/2

[Event "KONIK MORSKI REWALA 2013<br>Miedzynarodo"]
[Site "<font size="]
[Date "2013.08.22"]
[Round "3.13"]
[White "Brzezinski, Mateusz"]
[Black "Marczuk, Anna"]
[Result "1-0"]
[WhiteElo "2137"]
[BlackElo "1780"]
[PlyCount "67"]
[EventDate "2013.??.??"]

1. Nf3 f5 2. d4 Nf6 3. g3 g6 4. Bg2 Bg7 5. O-O O-O 6. b3 d6 7. Bb2 h6 8. c4 Qe8
9. Nc3 c6 10. d5 Na6 11. Nd4 Bd7 12. Qd2 g5 13. f4 g4 14. e4 fxe4 15. Nxe4 Nxe4
16. Bxe4 Nc5 17. Bc2 cxd5 18. cxd5 e5 19. dxe6 Nxe6 20. Qd3 Rf7 21. Rae1 Qc8
22. Qh7+ Kf8 23. Nxe6+ Bxe6 24. Bxg7+ Rxg7 25. Qxh6 Qc5+ 26. Rf2 Bf7 27. Qh8+
Bg8 28. Qh6 Rc8 29. f5 Qb4 30. Qe3 Rgc7 31. f6 Bd5 32. Bg6 Bc6 33. Qh6+ Kg8 34.
f7+ 1-0

[Event "KONIK MORSKI REWALA 2013<br>Miedzynarodo"]
[Site "<font size="]
[Date "2013.08.22"]
[Round "3.14"]
[White "Janus, Przemyslaw"]
[Black "Gawiec, Konrad"]
[Result "1/2-1/2"]
[WhiteElo "2121"]
[BlackElo "1947"]
[PlyCount "33"]
[EventDate "2013.??.??"]

1. d4 d6 2. e4 e5 3. dxe5 dxe5 4. Qxd8+ Kxd8 5. Bc4 f6 6. Be3 Nd7 7. Nd2 c6 8.
f3 Kc7 9. Nh3 Bc5 10. Bxc5 Nxc5 11. Nf2 Ne7 12. O-O-O Be6 13. Bxe6 Nxe6 14. Nc4
Rhd8 15. Rxd8 Rxd8 16. Rd1 Rxd1+ 17. Nxd1 1/2-1/2

[Event "KONIK MORSKI REWALA 2013<br>Miedzynarodo"]
[Site "<font size="]
[Date "2013.08.22"]
[Round "3.15"]
[White "Zombirt, Filip"]
[Black "Pietocha, Pawel"]
[Result "1-0"]
[WhiteElo "1964"]
[BlackElo "2118"]
[PlyCount "74"]
[EventDate "2013.??.??"]

1. d4 c5 2. d5 e5 3. e4 d6 4. Bb5+ Nd7 5. a4 a6 6. Be2 Be7 7. Nf3 Nf8 8. Nc3 b6
9. O-O Ng6 10. Re1 Nf6 11. Bg5 O-O 12. Bxf6 Bxf6 13. Nd2 Bg5 14. Nc4 Ne7 15.
Bg4 g6 16. Bxc8 Nxc8 17. Qg4 f5 18. exf5 gxf5 19. Qh5 Ra7 20. Ra3 Rg7 21. Ne2
Rf6 22. Ng3 Ne7 23. Qd1 b5 24. axb5 axb5 25. Na5 b4 26. Ra1 Rfg6 27. Nc6 Nxc6
28. dxc6 Qc8 29. Qd5+ Kh8 30. c7 Rg8 31. Ra7 Be7 32. Rea1 f4 33. Ra8 Qxc7 34.
R1a7 Qb6 35. Rxg8+ Rxg8 36. Rxe7 fxg3 37. hxg3 Rf8 1-0

[Event "KONIK MORSKI REWALA 2013<br>Miedzynarodo"]
[Site "<font size="]
[Date "2013.08.22"]
[Round "3.16"]
[White "Adamowicz, Maciej"]
[Black "Wacior, Maciej"]
[Result "1-0"]
[WhiteElo "2071"]
[BlackElo "1797"]
[PlyCount "67"]
[EventDate "2013.??.??"]

1. c4 c6 2. e4 d5 3. exd5 cxd5 4. cxd5 Qxd5 5. Nc3 Qd8 6. Nf3 Nf6 7. Bc4 e6 8.
O-O Be7 9. d4 O-O 10. a3 Nbd7 11. Be3 Nb6 12. Bd3 Nbd5 13. Ne5 Bd7 14. Nxd5
Nxd5 15. Rc1 Bf6 16. Qe2 Bxe5 17. dxe5 Nxe3 18. Qxe3 Bc6 19. Rfd1 Qh4 20. Rc4
Qh5 21. Be2 Qf5 22. Rcd4 Bd5 23. Rh4 Qc2 24. Rc1 Qxb2 25. Bd3 h6 26. Rb4 Qxc1+
27. Qxc1 Rac8 28. Qe3 Rc7 29. h3 Rfc8 30. Rg4 Kf8 31. Be4 Rc1+ 32. Kh2 R1c3 33.
Qe1 Bxe4 34. Qxe4 1-0

[Event "KONIK MORSKI REWALA 2013<br>Miedzynarodo"]
[Site "<font size="]
[Date "2013.08.22"]
[Round "3.17"]
[White "Popiol, Michal"]
[Black "Tokarski, Lukasz"]
[Result "0-1"]
[WhiteElo "1871"]
[BlackElo "2270"]
[PlyCount "60"]
[EventDate "2013.??.??"]

1. d4 Nf6 2. c4 c5 3. d5 b5 4. cxb5 a6 5. bxa6 g6 6. Nc3 Bxa6 7. f4 d6 8. Nf3
Nbd7 9. e4 Bxf1 10. Rxf1 Qc7 11. Qe2 Qb7 12. Kf2 Bg7 13. Kg1 O-O 14. Rd1 Nb6
15. Rb1 Na4 16. Bd2 Rfe8 17. b3 Nb6 18. a4 e6 19. Nb5 Rad8 20. dxe6 Nxe4 21.
exf7+ Qxf7 22. Qd3 Qf5 23. Ba5 c4 24. bxc4 Qc5+ 25. Nfd4 d5 26. Bb4 Qc8 27. a5
dxc4 28. Qf3 Nd5 29. f5 Nxb4 30. Rxb4 Qc5 0-1

[Event "KONIK MORSKI REWALA 2013<br>Miedzynarodo"]
[Site "<font size="]
[Date "2013.08.22"]
[Round "3.18"]
[White "Guzik, Jolanta"]
[Black "Kamieniecki, Tomasz"]
[Result "1/2-1/2"]
[WhiteElo "2100"]
[BlackElo "1974"]
[PlyCount "71"]
[EventDate "2013.??.??"]

1. c4 Nf6 2. Nc3 g6 3. e4 d6 4. g3 Bg7 5. Bg2 O-O 6. Nge2 Nc6 7. d4 e5 8. d5
Ne7 9. O-O Nd7 10. Be3 f5 11. Qd2 Nf6 12. f3 Bd7 13. Rac1 b6 14. b4 a5 15. a3
axb4 16. axb4 fxe4 17. Nxe4 Nxe4 18. fxe4 Rxf1+ 19. Rxf1 Qe8 20. Nc3 Kh8 21. c5
bxc5 22. bxc5 dxc5 23. Bxc5 Nc8 24. Qb2 Nd6 25. Rb1 h6 26. h4 Qc8 27. Kh2 Kh7
28. Bf1 Qf8 29. Bd3 Qe7 30. Ra1 Rxa1 31. Qxa1 g5 32. hxg5 Qxg5 33. Qe1 Qh5+ 34.
Kg1 Bg4 35. Bxd6 cxd6 36. Be2 1/2-1/2

[Event "KONIK MORSKI REWALA 2013<br>Miedzynarodo"]
[Site "<font size="]
[Date "2013.08.22"]
[Round "3.19"]
[White "Kiolbasa, Oliwia"]
[Black "Khamidov, Komil"]
[Result "1-0"]
[WhiteElo "1955"]
[BlackElo "2068"]
[PlyCount "55"]
[EventDate "2013.??.??"]

1. e4 c5 2. Nf3 d6 3. d4 cxd4 4. Qxd4 Nc6 5. Bb5 Bd7 6. Bxc6 Bxc6 7. Nc3 Nf6 8.
Bg5 e6 9. O-O-O Be7 10. Qd3 O-O 11. Nd4 a6 12. f4 Qc7 13. h4 b5 14. e5 dxe5 15.
fxe5 Rfd8 16. exf6 Bc5 17. Nce2 Bxd4 18. Nxd4 e5 19. Qg3 Be4 20. Bf4 g6 21.
Bxe5 Qc4 22. Kb1 Rac8 23. Rd2 b4 24. Qe3 Rxd4 25. Bxd4 Bxc2+ 26. Ka1 Bf5 27.
Rdd1 Be6 28. b3 1-0

[Event "KONIK MORSKI REWALA 2013<br>Miedzynarodo"]
[Site "<font size="]
[Date "2013.08.22"]
[Round "3.20"]
[White "Marczuk, Dominik"]
[Black "Smal, Tobiasz"]
[Result "1/2-1/2"]
[WhiteElo "2049"]
[BlackElo "1928"]
[PlyCount "34"]
[EventDate "2013.??.??"]

1. d4 Nf6 2. Nc3 d5 3. Bg5 g6 4. f3 Bg7 5. e4 dxe4 6. fxe4 c5 7. Bb5+ Bd7 8.
Bxd7+ Nfxd7 9. Be3 Nc6 10. Nf3 cxd4 11. Nxd4 Nde5 12. Nxc6 Nxc6 13. Qd5 e6 14.
Qc5 Bd4 15. Bxd4 Qxd4 16. Qxd4 Nxd4 17. O-O-O O-O-O 1/2-1/2

[Event "KONIK MORSKI REWALA 2013<br>Miedzynarodo"]
[Site "<font size="]
[Date "2013.08.22"]
[Round "3.21"]
[White "Karwowski, Kacper"]
[Black "Czyz, Artur"]
[Result "1/2-1/2"]
[WhiteElo "1904"]
[BlackElo "2042"]
[PlyCount "36"]
[EventDate "2013.??.??"]

1. e4 e5 2. Nf3 Nf6 3. Nc3 d6 4. d4 exd4 5. Nxd4 Be7 6. Bf4 O-O 7. Be2 a6 8. a4
Re8 9. O-O Nbd7 10. Nf3 Nc5 11. e5 dxe5 12. Qxd8 Rxd8 13. Bxe5 Bf5 14. Bxc7 Rd7
15. Bb6 Bxc2 16. Ne5 Rd2 17. Nf3 Rd7 18. Ne5 Rd2 1/2-1/2

[Event "KONIK MORSKI REWALA 2013<br>Miedzynarodo"]
[Site "<font size="]
[Date "2013.08.22"]
[Round "3.22"]
[White "Harazinska, Ewa"]
[Black "Mucha, Magdalena"]
[Result "1-0"]
[WhiteElo "2041"]
[BlackElo "1955"]
[PlyCount "73"]
[EventDate "2013.??.??"]

1. d4 g6 2. c4 Bg7 3. Nc3 d6 4. e4 e5 5. Nf3 Nd7 6. Be2 Ngf6 7. O-O O-O 8. Be3
c6 9. d5 c5 10. Rb1 h6 11. b4 b6 12. bxc5 bxc5 13. Bd3 Qe7 14. Qc2 Rd8 15. Bd2
Nf8 16. Nb5 a6 17. Nc3 g5 18. Na4 Ng6 19. Ba5 Re8 20. Nb6 Ra7 21. Nxc8 Rxc8 22.
Rb3 Qd7 23. Rfb1 Nf4 24. Bf1 Qg4 25. Kh1 Ng6 26. Re1 Qd7 27. Reb1 Qg4 28. Re1
Qd7 29. Rb6 g4 30. Ng1 h5 31. g3 h4 32. Reb1 Nh7 33. Rb8 Bf8 34. Qb3 Rxb8 35.
Qxb8 Ng5 36. Bd3 Qe7 37. Bd8 1-0

[Event "KONIK MORSKI REWALA 2013<br>Miedzynarodo"]
[Site "<font size="]
[Date "2013.08.22"]
[Round "3.23"]
[White "Kasperek, Joanna"]
[Black "Knap, Jerzy"]
[Result "1/2-1/2"]
[WhiteElo "2013"]
[BlackElo "1732"]
[PlyCount "80"]
[EventDate "2013.??.??"]

1. e4 c5 2. Nf3 d6 3. d4 cxd4 4. Qxd4 Nc6 5. Bb5 Bd7 6. Bxc6 Bxc6 7. Nc3 Nf6 8.
Bg5 e6 9. O-O-O Be7 10. Qd3 Qa5 11. h4 h6 12. Bxf6 Bxf6 13. Nd4 Rd8 14. f4 Bxd4
15. Qxd4 O-O 16. g4 e5 17. Qe3 exf4 18. Qxf4 Qe5 19. Rhf1 Qxf4+ 20. Rxf4 Rfe8
21. Nd5 Re5 22. b3 Rde8 23. Rd4 Bxd5 24. exd5 Re2 25. h5 Rc8 26. Rc4 Rce8 27.
Rc7 R2e7 28. Rxe7 Rxe7 29. Kd2 Kf8 30. a4 Re5 31. c4 Ke7 32. b4 f6 33. Rd4 b6
34. a5 Kd7 35. axb6 axb6 36. Rf4 Kc7 37. Rd4 Kd7 38. Rf4 Kc7 39. Rd4 Kd7 40.
Rf4 Kc7 1/2-1/2

[Event "KONIK MORSKI REWALA 2013<br>Miedzynarodo"]
[Site "<font size="]
[Date "2013.08.22"]
[Round "3.24"]
[White "Blaszkiewicz, Mateusz"]
[Black "Nowak, Lukasz"]
[Result "0-1"]
[WhiteElo "1833"]
[BlackElo "1994"]
[PlyCount "70"]
[EventDate "2013.??.??"]

1. e4 c5 2. Nf3 d6 3. d4 cxd4 4. Nxd4 Nf6 5. Nc3 a6 6. h3 e5 7. Nde2 h5 8. g3
Be7 9. Bg2 b5 10. Be3 Bb7 11. f4 Nbd7 12. a4 O-O 13. O-O b4 14. Nd5 Nxd5 15.
exd5 h4 16. g4 Re8 17. fxe5 Nxe5 18. Bd4 Bg5 19. a5 Qe7 20. Nf4 Bc8 21. Ra4 Rb8
22. c3 Nc4 23. Qc1 Bd7 24. Rxb4 Rxb4 25. cxb4 Bb5 26. Rf2 Qe1+ 27. Qxe1 Rxe1+
28. Kh2 Ne3 29. Bh1 Nf1+ 30. Kg2 Ng3 31. Nh5 Rxh1 32. Nxg3 hxg3 33. Rf5 Rd1 34.
Bxg7 Bh4 35. Bc3 Bd3 0-1

[Event "KONIK MORSKI REWALA 2013<br>Miedzynarodo"]
[Site "<font size="]
[Date "2013.08.22"]
[Round "3.25"]
[White "Gabryjalowicz, Jakub"]
[Black "Siedlinski, Piotr"]
[Result "1/2-1/2"]
[WhiteElo "1781"]
[BlackElo "2092"]
[PlyCount "82"]
[EventDate "2013.??.??"]

1. e4 c5 2. Nf3 e6 3. d4 cxd4 4. Nxd4 Nc6 5. c4 Nf6 6. Nc3 Bb4 7. Nxc6 dxc6 8.
Qxd8+ Kxd8 9. Bd3 e5 10. Bd2 Be6 11. a3 Bd6 12. O-O-O Ke7 13. Rhe1 Ng4 14. Bg5+
f6 15. Bh4 h5 16. h3 g5 17. hxg4 gxh4 18. gxh5 Bc5 19. Rd2 Rag8 20. Bf1 Rxh5
21. b4 Bd4 22. Kc2 h3 23. gxh3 Bxh3 24. Bxh3 Rxh3 25. Ne2 Rxa3 26. Nxd4 Ra2+
27. Kd1 Rxd2+ 28. Kxd2 Rd8 29. Kc3 Rxd4 30. f3 Rd7 31. Rh1 Ke6 32. Rh8 Rf7 33.
Re8+ Kd7 34. Rb8 Kc7 35. Re8 Kb6 36. Re6 a6 37. Kb3 a5 38. Ka4 axb4 39. Kxb4
Kc7 40. Re8 Kd7 41. Rb8 Kc7 1/2-1/2

[Event "KONIK MORSKI REWALA 2013<br>Miedzynarodo"]
[Site "<font size="]
[Date "2013.08.22"]
[Round "3.26"]
[White "Spicak, Krzysztof"]
[Black "Puczylowski, Marcin"]
[Result "1-0"]
[WhiteElo "1962"]
[BlackElo "2033"]
[PlyCount "107"]
[EventDate "2013.??.??"]

1. d4 e6 2. c4 Bb4+ 3. Bd2 Qe7 4. a3 Bxd2+ 5. Qxd2 Nf6 6. Nc3 a5 7. Nf3 d6 8.
e4 e5 9. dxe5 dxe5 10. Qg5 O-O 11. Qxe5 Qxe5 12. Nxe5 Re8 13. f4 Nxe4 14. Nxe4
f6 15. c5 fxe5 16. Bc4+ Kh8 17. O-O exf4 18. Rxf4 Nd7 19. Ng5 h6 20. Ne6 g5 21.
Rd4 Ra7 22. Nxc7 Re7 23. Nd5 Re8 24. Bb5 Re5 25. Nb6 Nxb6 26. cxb6 Ra8 27. Rd8+
Kg7 28. Bd7 Rc5 29. Rf1 Rc2 30. h3 Bxd7 31. Rxd7+ Kg6 32. Rxb7 Rxb2 33. Rc1 Rd8
34. Rc6+ Kf5 35. Rf7+ Ke5 36. Re7+ Kf5 37. Rf7+ Ke5 38. Rff6 h5 39. Rce6+ Kd5
40. Re1 Rg8 41. Rh6 h4 42. Rd1+ Kc5 43. Rc1+ Kd5 44. Rd1+ Kc5 45. Rf1 Kc4 46.
Rc1+ Kd5 47. Rf1 Kc4 48. Rf5 a4 49. Ra5 Kb3 50. b7 Rb8 51. Rb6+ Kxa3 52. Rxa4+
Kxa4 53. Rxb2 Ka5 54. Kf2 1-0

[Event "KONIK MORSKI REWALA 2013<br>Miedzynarodo"]
[Site "<font size="]
[Date "2013.08.23"]
[Round "4.1"]
[White "Marusenko, Petr"]
[Black "Malaniuk, Vladimir P"]
[Result "0-1"]
[WhiteElo "2192"]
[BlackElo "2528"]
[PlyCount "72"]
[EventDate "2013.??.??"]

1. d4 d6 2. Nf3 g6 3. e4 Nf6 4. Nc3 Bg7 5. Be2 O-O 6. O-O a6 7. a4 Nc6 8. d5
Ne5 9. Nxe5 dxe5 10. Bc4 Re8 11. Qe2 e6 12. Rd1 exd5 13. Nxd5 Nxd5 14. Bxd5 Qe7
15. a5 Rb8 16. Ra3 Be6 17. Rad3 Bxd5 18. Rxd5 Red8 19. Qd3 Rxd5 20. Qxd5 Bf6
21. Rd3 c6 22. Qb3 Rd8 23. Be3 Bg5 24. Bxg5 Qxg5 25. Rxd8+ Qxd8 26. h3 Qxa5 27.
Qxb7 Qe1+ 28. Kh2 Qxe4 29. Qxa6 Qxc2 30. Qb6 Kg7 31. b4 Qc4 32. g3 Qd4 33. Qxc6
Qxf2+ 34. Qg2 Qxg2+ 35. Kxg2 Kf8 36. Kf3 f5 0-1

[Event "KONIK MORSKI REWALA 2013<br>Miedzynarodo"]
[Site "<font size="]
[Date "2013.08.23"]
[Round "4.2"]
[White "Stachowiak, Kamil"]
[Black "Musialkiewicz, Jan"]
[Result "1/2-1/2"]
[WhiteElo "2470"]
[BlackElo "2266"]
[PlyCount "66"]
[EventDate "2013.??.??"]

1. d4 d5 2. Nf3 Nf6 3. c4 c6 4. Nc3 e6 5. e3 Nbd7 6. Bd3 dxc4 7. Bxc4 b5 8. Bd3
Bb7 9. O-O a6 10. e4 c5 11. d5 c4 12. Bc2 Qc7 13. dxe6 fxe6 14. Ng5 Nc5 15. Be3
Bd6 16. Bxc5 Qxc5 17. Nxe6 Qe5 18. Nxg7+ Kf7 19. f4 Qc5+ 20. Kh1 Kxg7 21. e5
Bxe5 22. fxe5 Qxe5 23. Rf5 Qe6 24. Qd2 Rhf8 25. Re1 Qf7 26. Ref1 Rad8 27. Qe3
Qe8 28. Qh3 Qg6 29. R5f2 Qg5 30. Ne2 Rd2 31. Nd4 Rxf2 32. Rxf2 Re8 33. Qc3 Kg8
1/2-1/2

[Event "KONIK MORSKI REWALA 2013<br>Miedzynarodo"]
[Site "<font size="]
[Date "2013.08.23"]
[Round "4.3"]
[White "Weichhold, Pawel"]
[Black "Sieciechowicz, Marcin"]
[Result "0-1"]
[WhiteElo "2420"]
[BlackElo "2458"]
[PlyCount "94"]
[EventDate "2013.??.??"]

1. e4 e6 2. d4 d5 3. Nc3 Bb4 4. e5 c5 5. a3 Bxc3+ 6. bxc3 Qa5 7. Bd2 Qa4 8. Qb1
c4 9. h4 Nc6 10. h5 Bd7 11. Nf3 O-O-O 12. h6 Nxh6 13. Bxh6 gxh6 14. Rxh6 Rdg8
15. g3 Rg6 16. Rxg6 fxg6 17. Bh3 h6 18. Qb2 Qa5 19. Ke2 Qd8 20. Rh1 Qe7 21. Qc1
Nd8 22. Bg2 Nf7 23. Rh4 g5 24. Rh5 Be8 25. g4 Rh7 26. Rh2 Nh8 27. Qh1 Qg7 28.
Kd2 Bg6 29. Ng1 Qf8 30. Bf3 Be8 31. Be2 Ng6 32. Nf3 Rh8 33. Rh3 Nf4 34. Rh2 Qg7
35. Bd1 Rh7 36. Kc1 Bg6 37. Ne1 Qf8 38. Kb2 b5 39. Ng2 Nxg2 40. Qxg2 a5 41. Qf3
Rf7 42. Qh1 Rh7 43. Rh3 b4 44. Qf3 Rf7 45. Qe3 Rxf2 46. Rxh6 bxc3+ 47. Ka2 Bxc2
0-1

[Event "KONIK MORSKI REWALA 2013<br>Miedzynarodo"]
[Site "<font size="]
[Date "2013.08.23"]
[Round "4.4"]
[White "Strzemiecki, Zbigniew"]
[Black "Brzezinski, Mateusz"]
[Result "1-0"]
[WhiteElo "2437"]
[BlackElo "2137"]
[PlyCount "49"]
[EventDate "2013.??.??"]

1. e4 e6 2. d4 d5 3. exd5 exd5 4. Nf3 Bd6 5. c4 dxc4 6. Bxc4 Nf6 7. O-O O-O 8.
Nc3 c6 9. Bb3 Bg4 10. h3 Bh5 11. g4 Nxg4 12. hxg4 Bxg4 13. Ne4 Bc7 14. Qd3 Na6
15. Bd2 Bf5 16. Bc2 Kh8 17. Bc3 Qd5 18. Nh4 Bxe4 19. Qxe4 Qh5 20. Qh1 f5 21.
Nf3 Bh2+ 22. Nxh2 Rf6 23. Qf3 Qh4 24. Kh1 Nc7 25. Qg3 1-0